Médaillés Francais aux JO 2018 - Statistiques

Statistiques générales
  • Ce quiz a été pris 76 fois
  • Le résultat moyen est 15 sur 26
Statistiques - réponses
Sport Epreuve Athlète % Correct
Biathlon Poursuite H Martin Fourcade
100%
Biathlon Mass-Start H Martin Fourcade
100%
Biathlon Relais M Martin Fourcade
100%
Ski alpin Combiné H Alexis Pinturault
75%
Ski alpin Slalom géant H Alexis Pinturault
75%
Ski acrobatique Bosses F Perrine Laffont
74%
Biathlon Relais M Anaïs Bescond
71%
Biathlon Poursuite F Anaïs Bescond
71%
Biathlon Relais F Anaïs Bescond
71%
Patinage artistique Danse C Gabriella Papadakis
71%
Biathlon Relais M Marie Dorin-Habert
69%
Biathlon Relais F Marie Dorin-Habert
69%
Patinage artistique Danse C Guillaume Cizeron
65%
Biathlon Relais M Simon Desthieux
63%
Biathlon Relais F Anaïs Chevalier
59%
Biathlon Relais F Justine Braisaz
51%
Ski de fond Relais H Maurice Manificat
51%
Ski de fond Sprint par équipe H Maurice Manificat
51%
Snowboard Cross H Pierre Vaultier
50%
Ski alpin Combiné H Victor Muffat-Jeandet
46%
Ski acrobatique Half-Pipe F Marie Martinod
38%
Snowboard Cross F Julia Pereira de Sousa-Mabileau
37%
Ski de fond Sprint par équipe H Richard Jouve
29%
Ski de fond Relais H Jean-Marc Gaillard
26%
Ski de fond Relais H Clément Parisse
21%
Ski de fond Relais H Adrien Backscheider
6%
Aucun quiz correspondant
Distribution des résultats
% des personnes avec chaque résultat
Percentile par nombre de réponses
Votre historique - résultats
Vous n’avez pas pris ce quiz